First certificate testbuilder

Αποθηκεύτηκε σε:
Λεπτομέρειες βιβλιογραφικής εγγραφής
Κύριος συγγραφέας: Triggs, Tony D.
Μορφή: Βιβλίο
Γλώσσα:English
Δημοσίευση: Oxford : Mcmillan Heinemann, c1996
Θέματα:
Ετικέτες: Προσθήκη ετικέτας
Δεν υπάρχουν, Καταχωρήστε ετικέτα πρώτοι!

MARC

LEADER 00000cam a2200000 i 4500
001 1/44102
008 031030s1996 eng d
020 |a 0-435-24492-2 (with key) 
035 |l 10071483 
040 |a GR-MY-UA  |b gre  |e aacr 
041 0 |a eng 
082 0 |a 428.24  |2 (21) 
100 1 |a Triggs, Tony D. 
245 1 0 |a First certificate testbuilder /  |c Tony D. Triggs 
260 |a Oxford :   |b Mcmillan Heinemann,   |c c1996 
300 |a 175 σ.;  |c 27εκ. 
650 0 0 |a English language  |x Study and teaching (Higher)  |x Foreign speakers. 
852 |a INST  |b LESVOS  |e 20031030  |h 428.24 TRI  |p 005100024786  |q 005100024786  |t BK  |y 0 
901 |a BIBL1-2003-3 
909 |a Λ  |b 104264 
970 |a ΤΖΑΦΕΡΗ  |b ΕΥΑΓΓΕΛΙΑ  |z 2003/10/